Punchline rappeurs francais #1 - Statistiques

Statistiques générales
  • Ce quiz a été pris 1 970 fois
  • Le résultat moyen est 11 sur 17
Statistiques - réponses
Punchline Rappeur % Correct
J'ai aucune peine j'te nique ta race, dans les veines j'nai que de la glace Kaaris
91%
Je crache des flammes comme Arcanin, je prefere etre accusé d'ant*sémitisme que de v*ol comme Gerald Darmanin Freeze Corleon
89%
J'arrive en 4-4-2 dans un 4 noir, uniquement vodka, pas d'Badoit PLK
89%
Oh, Jésus de Nazareth, tous les jours je fume, j'me dis "demain, j'arrête" Niska
88%
Hotel cinq étoiles, prendre le p'tit dej en pyjama, faire un p'tit tour sur le mont Fujiyama Naps
86%
Les vainqueurs l'écrivent, les vaincus racontent l'histoire Booba
85%
Tu m'calcules pas, mon cœur s'déchire, c'est pas ma faute si t'as pas eu c'que tu désires Jul
76%
J'ai une arme donc ca sert a quoi d'être musclé en vrai Bendoo Z
70%
J'veux péter l'Urus pour l'instant sur la ligne H j'vais la rendre heureuse, faut juste pas qu'elle me demande mon âge Favé
68%
Les vrais amis se font rares, donc ton hypocrisie me fait rire Ninho
66%
J'préfère voir mes habits plein d'sang, qu'mes amis plein d'sang Zola
65%
Elle a les cheveux dorés et la peau bien bronzée, elle boit du Daïquiri, elle m'appelle "mon chéri" Heuss l'enfoiré
61%
A mon enterrement ne pleure pas, encore moins si tu n'étais pas mon ami Gazo
51%
Y a pas d'vrais potos dans la vie, c'est chacun sa merde, chacun ses ennuis Sasso
47%
Et si la lumière brie tout au bout du tunnel, faudra prier Dieu pour que ce soit pas le train Werenoi
42%
Mettre un voile sur mon cœur, mais l'amour est un établissement laïque Dinos
36%
Laisse-moi me taper des barres, quand j'entends qu'ils disent "l'avenir est à nous" Tiakola
35%
Aucun quiz correspondant
Distribution des résultats
% des personnes avec chaque résultat
Percentile par nombre de réponses
Votre historique - résultats
Vous n’avez pas pris ce quiz